Countries that use Rial/Riyal - Statistics

General Stats
  • This quiz has been taken 28 times
  • The average score is 4 of 5
Answer Stats
Rial/Riyal Country % Correct
Riyal Qatar
95%
Rial Oman
91%
Riyal Saudi Arabia
91%
Rial Yemen
86%
Rial Iran
82%
No matching quizzes found
Score Distribution
Percent of People with Each Score
Percentile by Number Answered
Your Score History
You have not taken this quiz